000
00480nam a2200181Ia 4500
008
100917s9999 xx 000 0 und d
082
_b
623
100
_a
फाटक गणेश कृष्णशास्त्री
245
_a
माझी जमीन
260
_b
---
_c
1930
300
_a
88
365
_b
1
520
_a
नाटक
630
_a
माझी जमीन
650
_a
नाटक
730
_a
माझी जमीन
942
_c
BOOK
999
_c
606017
_d
606014